Statistics for Country Names in Country Names

Click here to take the quiz!

General Stats

  • This quiz has been taken 124 times
  • The average score is 9 of 16

Answer Stats

HintAnswer% Correct
Country in another country's nameGuinea
87%
Country with another country in their nameEquatorial Guinea
77%
Country with another country in their nameGuinea-Bissau
77%
Country with another country in their namePapua New Guinea
68%
Country in another country's nameNiger
68%
Country with another country in their nameNigeria
64%
Country with another country in their nameDominican Republic
62%
Country in another country's nameDominica
62%
Country in another country's nameSudan
62%
Country with another country in their nameSouth Sudan
60%
Country with another country in their nameDemocratic Republic of the Congo
53%
Country in another country's nameRepublic of the Congo
53%
Country in another country's nameMali
45%
Country in another country's nameOman
40%
Country with another country in their nameRomania
34%
Country with another country in their nameSomalia
32%

Score Distribution

Percentile by Number Answered

Percent of People with Each Score

Your Score History

You have not taken this quiz